Uplatnenie Conjoint analýzy v procese vytvárania nového produktu diplomová práca

Salvato in:
Dettagli Bibliografici
Autore principale: Hyčková, Michaela
Ente Autore: Fakulta podnikového manažmentu EU. Katedra podnikovohospodárska
Altri autori: Štetka, Peter, 1986-
Natura: Libro
Lingua:slovacco
Pubblicazione: Bratislava 2018
Tags: Aggiungi Tag
Nessun Tag, puoi essere il primo ad aggiungerne!!

MARC

LEADER 00000nbm a2200000 4500
001 0244914
005 20181004111648.9
041 0 |a slo 
044 |a SK 
245 1 0 |a Uplatnenie Conjoint analýzy v procese vytvárania nového produktu  |b diplomová práca  |c Michaela Hyčková ; školiteľ: Peter Štetka 
264 1 |a Bratislava  |c 2018 
300 |a 76 s. 
100 1 |a Hyčková, Michaela 
700 1 |a Štetka, Peter, 1986- 
710 2 |a Fakulta podnikového manažmentu EU. Katedra podnikovohospodárska